Coloquios sobre arte contemporáneo (Record no. 45377)

MARC details
000 -LEADER
campo de control de longitud fija 00967nam a2200241 i 4500
001 - NÚMERO DE CONTROL
campo de control 45377
003 - IDENTIFICADOR DE NÚMERO DE CONTROL
campo de control ES-MaACL
005 - FECHA Y HORA DE LA ÚLTIMA TRANSACCIÓN
campo de control 20251013210529.0
007 - CAMPO FIJO DE DESCRIPCIÓN FÍSICA--INFORMACIÓN GENERAL
campo de control de longitud fija t|
008 - DATOS DE LONGITUD FIJA--INFORMACIÓN GENERAL
campo de control de longitud fija 030325s1958 sp ||||1| spa d
111 2# - ENTRADA PRINCIPAL--NOMBRE DE CONGRESO/REUNIÓN
Nombre de congreso/reunión o jurisdicción como elemento de entrada Rencontres Internationales de Gèneve (
Número del congreso/reunión o número de parte o sección 3º.
Fecha del congreso o de la firma del tratado 1948)
9 (RLIN) 944
245 10 - MENCIÓN DEL TÍTULO
Título Coloquios sobre arte contemporáneo
Resto del título : Rencontres Internacionales de Genève, 1948 /
Mención de responsabilidad, etc. presentación de G. Torrente Ballester ; [traducción de G. Torrente Malvido] J. Cassou... [et.
260 ## - PUBLICACIÓN, DISTRIBUCIÓN, ETC.
Lugar de publicación, distribución, etc. Madrid :
Nombre del editor, distribuidor, etc. Guadarrama,
Fecha de publicación, distribución, etc. [1958]
300 ## - DESCRIPCIÓN FÍSICA
Extensión 427 p. ;
Dimensiones 19 cm.
490 1# - MENCIÓN DE SERIE
Mención de serie Guadarrama de crítica y ensayo ;
Designación de volumen o secuencia 14
650 04 - PUNTO DE ACCESO ADICIONAL DE MATERIA--TÉRMINO DE MATERIA
Término de materia o nombre geográfico como elemento de entrada Arte-
Subdivisión cronológica S.XX-
Subdivisión de forma Congresos y Asambleas.
9 (RLIN) 10138
700 1# - ENTRADA AGREGADA--NOMBRE PERSONAL
Nombre de persona Torrente Ballester, Gonzalo,
Fechas asociadas al nombre 1910-1999
9 (RLIN) 110850
700 1# - ENTRADA AGREGADA--NOMBRE PERSONAL
Nombre de persona Torrente Malvido, Gonzalo.
9 (RLIN) 110855
700 0# - ENTRADA AGREGADA--NOMBRE PERSONAL
Nombre de persona Cassou, Jean,
Fechas asociadas al nombre 1897-1986
9 (RLIN) 36378
830 0# - PUNTO DE ACCESO ADICIONAL DE SERIE-TÍTULO UNIFORME
Título uniforme Guadarrama de crítica y ensayo ;
Designación de volumen o secuencia 14
9 (RLIN) 182728
852 ## - LOCALIZACIÓN
Ubicación ES-MaACL
Número de control de estantería C-15680
Holdings
Estatus retirado Estado de pérdida Estado de daño No para préstamo Biblioteca de origen Biblioteca actual Ubicación en estantería Fecha de adquisición Fuente de adquisición Total de préstamos Signatura topográfica completa Código de barras Visto por última vez Precio de reemplazo Tipo de ítem Koha
        Biblioteca del Ateneo de Madrid Biblioteca del Ateneo de Madrid Ficheros 17/01/2008     C-15680 1047746 23/02/2023 23/02/2023 Libro impreso